Legal reason : (Record no. 613393)

000 -LEADER
fixed length control field 01300cam a2200325 i 4500
001 - CONTROL NUMBER
control field 19124202
005 - DATE AND TIME OF LATEST TRANSACTION
control field 20250318111232.0
008 - FIXED-LENGTH DATA ELEMENTS--GENERAL INFORMATION
fixed length control field 160607s2016 nyu b 001 0 eng
010 ## - LIBRARY OF CONGRESS CONTROL NUMBER
LC control number 2016026393
020 ## - INTERNATIONAL STANDARD BOOK NUMBER
International Standard Book Number 9781107153462 (hardback)
020 ## - INTERNATIONAL STANDARD BOOK NUMBER
International Standard Book Number 9781316607329 (paper back)
040 ## - CATALOGING SOURCE
Original cataloging agency DLC
Language of cataloging eng
Transcribing agency DLC
Description conventions rda
Modifying agency DLC
042 ## - AUTHENTICATION CODE
Authentication code pcc
050 00 - LIBRARY OF CONGRESS CALL NUMBER
Classification number K213
Item number .W45 2016
082 00 - DEWEY DECIMAL CLASSIFICATION NUMBER
Classification number 340.11
Author Mark WEI
100 1# - MAIN ENTRY--PERSONAL NAME
Personal name Weinreb, Lloyd L.,
Dates associated with a name 1936-
9 (RLIN) 83469
245 10 - TITLE STATEMENT
Title Legal reason :
Remainder of title the use of analogy in legal argument /
Statement of responsibility, etc. Lloyd L. Weinreb, Harvard Law School.
250 ## - EDITION STATEMENT
Edition statement Second edition.
264 #1 - PRODUCTION, PUBLICATION, DISTRIBUTION, MANUFACTURE, AND COPYRIGHT NOTICE
Place of production, publication, distribution, manufacture New York, NY :
Name of producer, publisher, distributor, manufacturer Cambridge University Press,
Date of production, publication, distribution, manufacture, or copyright notice 2016.
300 ## - PHYSICAL DESCRIPTION
Extent x, 188 pages ;
Dimensions 23 cm
336 ## - CONTENT TYPE
Content type term text
Content type code txt
Source rdacontent
337 ## - MEDIA TYPE
Media type term unmediated
Media type code n
Source rdamedia
338 ## - CARRIER TYPE
Carrier type term volume
Carrier type code nc
Source rdacarrier
504 ## - BIBLIOGRAPHY, ETC. NOTE
Bibliography, etc. note Includes bibliographical references (pages 159-184) and index.
505 0# - FORMATTED CONTENTS NOTE
Formatted contents note Steamboats, broadcast transmissions, and electronic eavesdropping -- Analogical legal reasoning -- Objections -- Analogical reasoning, legal education, and the rule law.
650 #0 - SUBJECT ADDED ENTRY--TOPICAL TERM
Topical term or geographic name entry element Law
General subdivision Methodology.
9 (RLIN) 37379
906 ## - LOCAL DATA ELEMENT F, LDF (RLIN)
a 7
b cbc
c orignew
d 1
e ecip
f 20
g y-gencatlg
942 ## - ADDED ENTRY ELEMENTS (KOHA)
Source of classification or shelving scheme
Koha item type Book
Holdings
Withdrawn status Lost status Source of classification or shelving scheme Damaged status Not for loan Permanent Location Current Location Date acquired Total Checkouts Full call number Barcode Date last seen Price effective from Koha item type
          NUST Law School (NLS) NUST Law School (NLS) 03/18/2025   340.11 WEI NLS-1475 03/18/2025 03/18/2025 Book
© 2023 Central Library, National University of Sciences and Technology. All Rights Reserved.